000 00452cam a22001697 4500
001 ltf90003471
003 DLC
005 20260227111550.0
008 901114s1949 sz 000 0 ger
010 _altf90003471
040 _aDLC
_cDLC
_dDLC
050 0 0 _a4B 700
100 1 _aWieser, Theodor,
_d1923-
245 1 4 _aDie Einbildungskraft
_cbei Rudolf Kassner; Studie mit Abriss von Leben und Werk.
260 _aLausanne,
_c1949.
300 _a116 p.
999 _c37322
_d37322